UBT Library

Biologjia qelizore molekulare ne gjenetikë (Record no. 54957)

000 -LEADER
fixed length control field 00341nam a22001457a 4500
008 - FIXED-LENGTH DATA ELEMENTS--GENERAL INFORMATION
fixed length control field 191104b ||||| |||| 00| 0 eng d
020 ## - INTERNATIONAL STANDARD BOOK NUMBER
International Standard Book Number 9789951550185
041 ## - LANGUAGE CODE
Language code of text/sound track or separate title eng
080 ## - UNIVERSAL DECIMAL CLASSIFICATION NUMBER
Universal Decimal Classification number 573
082 ## - DEWEY DECIMAL CLASSIFICATION NUMBER
Classification number 573
100 ## - Rafti
Rafti 11
101 ## - Shkurtesa
Shkurtesa BIO
245 ## - TITLE STATEMENT
Title Biologjia qelizore molekulare ne gjenetikë
Statement of responsibility, etc Kamber.N, Rizani,H
942 ## - ADDED ENTRY ELEMENTS (KOHA)
Source of classification or shelving scheme
Item type Books
Holdings
Withdrawn status Lost status Source of classification or shelving scheme Damaged status Not for loan Collection code Permanent location Current location Shelving location Date acquired Total Checkouts Full call number Barcode Date last seen Price effective from Koha item type
          Koleksioni i përgjithshem UBT - Lipjan UBT - Lipjan Koleksioni i përgjithshem 11/04/2019   573 KAM 002-4000224 11/04/2019 11/04/2019 Books
          Koleksioni i përgjithshem UBT - Lipjan UBT - Lipjan Koleksioni i përgjithshem 11/04/2019   573 KAM 002-4000223 11/04/2019 11/04/2019 Books
          Koleksioni i përgjithshem UBT - Lipjan UBT - Lipjan Koleksioni i përgjithshem 11/04/2019   573 KAM 002-4000222 11/04/2019 11/04/2019 Books
          Koleksioni i përgjithshem UBT - Lipjan UBT - Lipjan Koleksioni i përgjithshem 11/04/2019   573 KAM 002-4000221 11/04/2019 11/04/2019 Books
          Koleksioni i përgjithshem UBT - Lipjan UBT - Lipjan Koleksioni i përgjithshem 11/04/2019   573 KAM 002-4000220 11/04/2019 11/04/2019 Books
UBT Library © 2015-2024. All rights reserved University Education for Business and Technology